| 000 | 01121cab a2200265 4500 | ||
|---|---|---|---|
| 001 | X125253 | ||
| 008 | 040301n2004 000 0 eng u | ||
| 035 | _a(Sirsi) u125253 | ||
| 100 | _aWoodhouse, A. | ||
| 245 | _aSpoilt for choice | ||
| 260 | _c2004 | ||
| 490 |
_aEstates Gazette _v (0408) 21 February 2004, 128-129 (2) |
||
| 520 | _aReviews the extra legislative and tax burdens faced by corporate occupiers in 2004. Items discussed include SDLT (stamp duty land tax); rent reviews and the trend towards shorter leases; the new statutory obligations on corporate occupiers in relation to regulations concerning the disabled and asbestos; the voluntary aspect of the Code of Practice on Commercial Leases; the BPF short-term lease and serviced office agreements. | ||
| 590 | _aABS | ||
| 650 | _aSTAMP DUTY LAND TAX | ||
| 650 | _aCOMMERCIAL LEASES | ||
| 650 | _aRENTS | ||
| 650 | _aRENT REVIEWS | ||
| 650 | _aDISABILITY DISCRIMINATION ACT 1995 | ||
| 650 | _aLEASES | ||
| 650 | _aLAND REGISTRATION ACT 2002 | ||
| 690 | _aLANDLORD AND TENANT-BUSINESS TENANCIES | ||
| 700 | _aPearman, S. | ||
| 942 | _n0 | ||
| 999 |
_c74182 _d74182 |
||